Seconde : Territoires, populations et développement - Statistiques

Statistiques générales
  • Ce quiz a été pris 152 fois
  • Le résultat moyen est 10 sur 32
Statistiques - réponses
Questions Réponses % Correct
Comment appelle-t-on le passage d'un régime démographique traditionnel à un régime moderne ? Transition démographique
81%
Quelle courbe baisse en premier dans ce processus ? Mortalité
78%
Quelle courbe décline ensuite afin de retrouver un niveau d'équilibre ? Natalité
78%
De combien de phase est composée ce processus ? 4
68%
Ville ou Campagne : Où se phénomène a-t-il surtout lieu ? Ville
53%
Entre-temps, qu'est-ce qui augmente ? accroissement naturel / population
51%
Cela s'explique par une amélioration des conditions de vie mais aussi une augmentation de ..... de vie. espérance / l'espérance
51%
Que prend en compte cette indicateur pour réaliser son calcul ? PIB / Produit intérieur Brut
51%
Quel pays étudié en cours en fait parti ? Allemagne / Japon / France
49%
Quel pays étudié en cours en fait parti ? Chine / Inde / Brésil
47%
à quel défi sont majoritairement confrontés ces pays ? Nombre / surpopulation / démographie / Population
36%
Quel pays sont majoritairement situés dans les deux premières phases ? (Sigle attendu) PMA
31%
Complète la définition de Développement "Ensemble des ... qui rendent possibles et accompagnent la ... économique et l'élévation du ...". croissance
28%
Dans ces trois pays, quel phénomène touche la population ? Vieillissement
28%
Complète la phrase "cette explosion démographique génère des .... de genre" Inégalités
26%
Quelle est la troisième phase ? (Baisse de la natalité) Phase 2
26%
Souvent, dans quelle phase de la transition démographique sont-ils situés ? Phase 2
26%
Entre ces deux groupes de pays se situe les pays ... émergents / en développement
24%
Quelle est la seconde phase ? (Baisse de la mortalité) Phase 1
24%
Quelle est la quatrième phase ? (nouvel équilibre plus stable) post-transition
23%
Quel grand pays africain étudié en cours est compris dans cela ? République Démocratique du Congo / Éthiopie
23%
Quelle est la première phase ? Pré-transition
22%
À l'inverse, quel pays sont situés dans la dernière phase du processus ? Pays développés / Développés
20%
Que signifie ce sigle ? Pays les moins avancés
19%
Quel indicateur permet de mesurer le développement d'un pays ? Indice de développement humain
18%
Pour lutter contre cela, que peuvent faire les pays concerner ? Robotisation / Immigration / Allongement temps de travail
15%
Complète la définition de Développement "Ensemble des ... qui rendent possibles et accompagnent la ... économique et l'élévation du ...". niveau de vie
11%
Comment appelle-t-on l'indicateur permettant de mesurer la richesse produite ? Produit Intérieur Brut
9%
Complète la phrase : "Ce processus génère l'apparition de .. afin d'accueillir l'explosion démographique". Bidonville
7%
Complète la définition de Développement "Ensemble des ... qui rendent possibles et accompagnent la ... économique et l'élévation du ...". transformation
4%
Que prend en compte cette indicateur pour réaliser son calcul ? Espérance de vie à la naissance
3%
Que prend en compte cette indicateur pour réaliser son calcul ? Accès à l'éducation
1%
Aucun quiz correspondant
Distribution des résultats
% des personnes avec chaque résultat
Percentile par nombre de réponses
Votre historique - résultats
Vous n’avez pas pris ce quiz